Standard form of sectional completion supplement for use with the Standard Form of Building Contract with Quantities, Private and Local Authorities editions, 1963 (July 1975 edition revision). Practice Note 21 (Record no. 97703)

MARC details
000 -LEADER
fixed length control field 00684cam a2200205 4500
001 - CONTROL NUMBER
control field D6226
008 - FIXED-LENGTH DATA ELEMENTS--GENERAL INFORMATION
fixed length control field 090401t1975 xxu||||| |||| 00| 0 eng d
035 ## - SYSTEM CONTROL NUMBER
System control number (Sirsi) u91985
041 ## - LANGUAGE CODE
Language code of text/sound track or separate title eng
050 ## - LIBRARY OF CONGRESS CALL NUMBER
Classification number 692.8
110 ## - MAIN ENTRY--CORPORATE NAME
Corporate name or jurisdiction name as entry element Joint Contracts Tribunal
9 (RLIN) 3664
245 ## - TITLE STATEMENT
Title Standard form of sectional completion supplement for use with the Standard Form of Building Contract with Quantities, Private and Local Authorities editions, 1963 (July 1975 edition revision). Practice Note 21
260 ## - PUBLICATION, DISTRIBUTION, ETC.
Place of publication, distribution, etc. London
Name of publisher, distributor, etc. RIBA Publications
Date of publication, distribution, etc. 1975
300 ## - PHYSICAL DESCRIPTION
Extent 8p. 30cm
350 ## - PRICE (NR) (BK AM CF MU VM SE) [OBSOLETE]
Price 0
490 ## - SERIES STATEMENT
Series statement JCT Practice Note
Volume/sequential designation 21
520 ## - SUMMARY, ETC.
Summary, etc. Filed at JCT 1975/4AC
942 ## - ADDED ENTRY ELEMENTS (KOHA)
Suppress in OPAC 0
948 ## - LOCAL PROCESSING INFORMATION (OCLC); SERIES PART DESIGNATOR (RLIN)
c (OCLC) 04/03/1997
Holdings
Withdrawn status Lost status Source of classification or shelving scheme Damaged status Not for loan Home library Current library Shelving location Date acquired Total Checkouts Full call number Barcode Date last seen Copy number Price effective from Koha item type
    Other/Generic Classification Scheme     London London Gallery 07/08/1991   JCT 1975/4 30016217 06/08/2019 1 06/08/2019 Reference material
    Other/Generic Classification Scheme     London London Gallery 07/08/1991   JCT 1975/4 30016221 06/08/2019 2 06/08/2019 Reference material